000 01498cad a22002535a 4500
001 L143032
008 070313s2008 xxkd f s 000 0 eng d
035 _a(Sirsi) u143032
041 0 _aeng
050 0 4 _a331.281333 $2 18
110 2 _aRoyal Institution of Chartered Surveyors
_94900
240 0 4 _aThe RICS and Macdonald and Company UK salary survey 2008
245 0 4 _aThe RICS and Macdonald and Company salary survey 2008
_h[electronic resource]
260 _aLondon
_bMacdonald and Company
_aLondon
_bRICS
_c2008
520 _aReports that the average salary for those working in chartered surveying across all disciplines was found to be £40 787. Notes that due to a different profile of respondents, this figure should not be compared against previous surveys. The seniority and number of years' experience of survey respondents has begun to fall significantly. The fields reporting the highest average earnings were Fund Management, Investment Brokerage and Corporate Property Consultancy, while the fields reporting the lowest average earnings were Rural Practice, Geomatics and Building Surveying.
521 2 _aAdvanced
590 _aKA
650 2 4 _aRICS SALARY AND BENEFITS SURVEYS
651 4 _aUnited Kingdom
_y
690 _aMANAGEMENT-BUSINESS MANAGEMENT-HUMAN RESOURCE MANAGEMENT
710 2 _aMacdonald and Company
_93846
856 4 1 _uhttps://www.macdonaldandcompany.com/uk-salary-survey
_zView the item free of charge at www.macdonaldandcompany.com...
942 _n0
999 _c108044
_d108044